Fábulas de siempre / (Registro nro. 30747)

Detalles MARC
000 -LEADER
fixed length control field 01188nam a22002537a 4500
003 - CONTROL NUMBER IDENTIFIER
control field OSt
005 - DATE AND TIME OF LATEST TRANSACTION
control field 20240712122601.0
008 - FIXED-LENGTH DATA ELEMENTS--GENERAL INFORMATION
fixed length control field 240424q2002 sp a br 001 j spa d
020 ## - INTERNATIONAL STANDARD BOOK NUMBER
International Standard Book Number 9567240426
037 ## - SOURCE OF ACQUISITION
Stock number Donación
040 ## - CATALOGING SOURCE
Original cataloging agency CO-JMCR
Language of cataloging spa
Transcribing agency CO-JMCR
Modifying agency CO-JMCR
Description conventions rda
041 0# - LANGUAGE CODE
Language code of text/sound track or separate title spa
082 04 - DEWEY DECIMAL CLASSIFICATION NUMBER
Classification number C
Item number CANf
245 10 - TITLE STATEMENT
Title Fábulas de siempre /
Statement of responsibility, etc. Coordinación de la edición Mirta Cancino Arellano.
260 ## - PUBLICATION, DISTRIBUTION, ETC.
Place of publication, distribution, etc. Barcelona :
Name of publisher, distributor, etc. BIbliográfica internacional ,
Date of publication, distribution, etc. ©[2002]
300 ## - PHYSICAL DESCRIPTION
Extent 154 páginas :
Other physical details Ilustraciones a color ;
Dimensions 36 cm.
501 ## - WITH NOTE
With note Con: presentación
505 0# - FORMATTED CONTENTS NOTE
Title El herrero y el perro -- El cuervo imitando al águila -- Los dos gallos -- Las dos perras -- La cierva y el cervatillo -- La cigarra y la hormiga -- Asamblea de ratones -- La alondra, sus crías y el campesino -- La zorra y las uvas -- El delfín y el mono -- El lobo y la zorra -- La liebre y las ranas -- La paloma y la hormiga -- La zorra y el cuervo -- El león y el ratón.
650 14 - SUBJECT ADDED ENTRY--TOPICAL TERM
Source of heading or term JMCR
Topical term or geographic name entry element Fabulas
9 (RLIN) 346
650 24 - SUBJECT ADDED ENTRY--TOPICAL TERM
Source of heading or term JMCR
Topical term or geographic name entry element Animales en la literatura
650 34 - SUBJECT ADDED ENTRY--TOPICAL TERM
Source of heading or term JMCR
Topical term or geographic name entry element Cuentos infantiles
700 1# - ADDED ENTRY--PERSONAL NAME
Personal name Cancino Arellano, Mirta,
Relator term Coordinador de edición.
9 (RLIN) 43659
942 ## - ADDED ENTRY ELEMENTS (KOHA)
Source of classification or shelving scheme Dewey Decimal Classification
Koha item type Books
Existencias
Withdrawn status Lost status Source of classification or shelving scheme Damaged status Not for loan Home library Current library Shelving location Date acquired Total Checkouts Total Renewals Full call number Barcode Date last seen Date last checked out Copy number Price effective from Koha item type
    Dewey Decimal Classification     Biblioteca Pública José María del Castillo y Rada Biblioteca Pública José María del Castillo y Rada Children's Area 01/06/2023 9 2 C CANf 201812052 11/24/2025 11/24/2025 Ej.1 04/24/2024 Books